Coureurs de l'équipe cycliste UAE Team Emirates 2022 - Statistiques

Statistiques générales
  • Ce quiz a été pris 97 fois
  • Le résultat moyen est 14 sur 31
Statistiques - réponses
Nat Coureur % Correct
🇸🇮 Tadej Pogačar
96%
🇵🇱 Rafał Majka
78%
🇵🇹 João Almeida
75%
🇺🇸 Brandon McNulty
69%
🇨🇭 Marc Hirschi
61%
🇳🇿 George Bennett
58%
🇪🇸 Marc Soler
54%
🇪🇸 Juan Ayuso
52%
🇩🇰 Mikkel Bjerg
52%
🇵🇹 Ivo Oliveira
51%
🇵🇹 Rui Oliveira
51%
🇵🇹 Rui Costa
49%
🇩🇪 Pascal Ackermann
47%
🇳🇴 Vegard Stake Laengen
45%
🇮🇹 Matteo Trentin
43%
🇨🇴 Sebastián Molano
43%
🇦🇷 Maximiliano Richeze
42%
🇨🇴 Fernando Gaviria
40%
🇮🇹 Davide Formolo
39%
🇫🇷 Alexys Brunel
37%
🇸🇮 Jan Polanc
37%
🇮🇹 Alessandro Covi
36%
🇮🇹 Diego Ulissi
36%
🇨🇴 Álvaro Hodeg
28%
🇿🇦 Ryan Gibbons
25%
🇦🇪 Yousif Mirza
24%
🇩🇪 Felix Gross
23%
🇳🇿 Finn Fisher-Black
23%
🇨🇴 Andrés Camilo Ardila
19%
🇨🇭 Joël Suter
13%
🇮🇹 Oliviero Troia
11%
Aucun quiz correspondant
Distribution des résultats
% des personnes avec chaque résultat
Percentile par nombre de réponses
Votre historique - résultats
Vous n’avez pas pris ce quiz